Les 20 pays les plus grands au monde - Statistiques

Statistiques générales
  • Ce quiz a été pris 1 127 fois
  • Le résultat moyen est 16 sur 20
Statistiques - réponses
Supérficie Continent Pays % Correct
17 098 246 km2 Asie Russie
99%
9 984 670 km2 Amérique Canada
98%
9 600 000 km2 Asie Chine
98%
9 833 517 km2 Amérique Etats-Unis
98%
7 692 024 km2 Océanie Australie
97%
8 515 767 km2 Amérique Brésil
97%
2 780 400 km2 Amérique Argentine
93%
3 287 263 km2 Asie Inde
92%
2 381 741 km2 Afrique Algérie
89%
1 964 375 km2 Amérique Mexique
87%
2 344 858 km2 Afrique Congo
77%
1 564 116 km2 Asie Mongolie
77%
2 724 902 km2 Asie Kazakhstan
75%
1 910 931 km2 Asie Indonesie
67%
2 206 714 km2 Asie Arabie saoudite
65%
1 285 216 km2 Amérique Pérou
64%
1 861 484 km2 Afrique Soudan
62%
1 628 750 km2 Asie Iran
61%
2 210 573 km2 Europe Danemark
58%
1 676 198 km2 Afrique Libye
56%
Aucun quiz correspondant
Distribution des résultats
% des personnes avec chaque résultat
Percentile par nombre de réponses
Votre historique - résultats
Vous n’avez pas pris ce quiz